|
|
|
|
| LEADER |
00000cam a2200000 a 4500 |
| 001 |
vtls001363526 |
| 003 |
SK-MaSNL |
| 005 |
20260301160941.0 |
| 008 |
251001s1964 xr ao c p 000 m cze |
| 015 |
|
|
|a SNBA1964
|
| 020 |
|
|
|q (viazané)
|
| 035 |
|
|
|a SNK000317154
|
| 035 |
|
|
|a 55630F69-8359-4B7E-81CE-95C2E534954C
|
| 035 |
|
|
|a urn:nbn:sk:snk-am00ifo0
|
| 040 |
|
|
|a SNK
|b slo
|c SNK
|e AACR2
|
| 041 |
1 |
|
|a cze
|h mul
|
| 044 |
|
|
|a xr
|c CZ
|
| 072 |
|
7 |
|a 82
|x Literatúra. Literárny život
|2 konspekt
|
| 072 |
|
7 |
|a 37.016
|x Učebné osnovy. Vyučovacie predmety. Učebnice
|2 konspekt
|
| 080 |
|
|
|a 37.016:82
|2 2011
|
| 080 |
|
|
|a (075.2)
|2 2011
|
| 100 |
1 |
|
|a Pavel, Bohumil,
|d 1912-
|4 aut
|9 111767
|
| 245 |
1 |
0 |
|a Čítanka pro devátý ročník základních škol
|c Bohumil Pavel, Danuše Ročková, Karel Dvořák ; [ilustroval Jiří Blažek]
|
| 260 |
|
|
|a Praha
|b Státní pedagogické nakladatelství
|c 1964
|
| 300 |
|
|
|a 231 strán, [20] strán obrazových príloh
|b fotografie, ilustrácie
|c 8°
|
| 490 |
1 |
|
|a Učebnice pro základní devítileté školy
|
| 500 |
|
|
|a Ukážky zo svetovej literatúry preložené z rôznych jazykov ; obsahuje vysvetlivky
|
| 650 |
0 |
7 |
|a literárna výchova
|2 SNKPH
|9 1653
|
| 655 |
|
7 |
|a čítanky
|2 SNKPH
|9 60817
|
| 655 |
|
7 |
|a učebnice základných škôl
|2 SNKPH
|9 70187
|
| 700 |
1 |
|
|a Ročková, Danuše
|4 aut
|9 334709
|
| 700 |
1 |
|
|a Dvořák, Karel,
|d 1913-1989
|4 aut
|9 222605
|
| 700 |
1 |
|
|a Blažek, Jiří,
|d 1922-2017
|4 ill
|9 115100
|
| 830 |
|
0 |
|a Učebnice pro základní devítileté školy
|9 322436
|
| 852 |
|
|
|a Slovenská národná knižnica
|
| 954 |
|
|
|a odborná, vedecká literatúra cudzojazyčná (svetová)
|2 lita
|
| 958 |
|
|
|a EUIPO
|
| 958 |
|
|
|a RK
|
| 958 |
|
|
|a TL
|
| 958 |
|
|
|a CZ
|
| 958 |
|
|
|a DB
|
| 958 |
|
|
|a OND
|
| 958 |
|
|
|a OP
|
| 999 |
|
|
|c 807539
|d 809469
|
| 952 |
|
|
|a SNK
|b SNK
|y PREZ
|7 0
|p 17A0806929
|o snkSC 18594
|i snkKIP 1267/64
|0 0
|1 0
|4 0
|d 2012-08-28
|f 1
|l 0
|r 2025-07-25 00:00:00
|w 2026-02-24
|
| 952 |
|
|
|t P60, <04>, [BOOK], {604}
|a SNK
|b SNK
|y VYP
|7 0
|p 17A0195000
|o snkSC 18594 D1
|0 0
|1 0
|4 0
|d 1999-05-18
|l 0
|r 2005-01-02 00:00:00
|w 2026-02-24
|